00556nam a2200169 a 450000100100000000500170001000800410002704000130006808200150008110000250009624500520012126000430017330000340021604900090025095201120025999900150037100000755420200929154218.0090909s1984 dr ac 001 0 spa d aDO-SdBNP axxxbP626g1 aPieve, Carlos92096914aLos genios de la insuficiencia /cCarlos Pieve. aSanto Domingo, :bAlfa y Omega,c1984. a350 p. :bil; retrs ;c20 cm. aBNPD 0010718PDaPDbPDcCTd2009-09-09iLF1l0oxxx P626gp7554-10r2020-06-25w2020-06-25yLFPDZNo se presta c7335d7335